| Tag |
First Indicator |
Second Indicator |
Subfields |
| LEADER |
00000nam a2200000 i 4500 |
| 001 |
in00005606921 |
| 003 |
OCoLC |
| 005 |
20241209135850.6 |
| 006 |
m o d |
| 007 |
cr cnu---unuuu |
| 008 |
240713t20252025enk ob 001 0 eng |
| 010 |
|
|
|a 2024029487
|
| 024 |
8 |
|
|a 90100662879
|
| 040 |
|
|
|a DLC
|b eng
|e rda
|c DLC
|d OCLCO
|d TYFRS
|d OCLCO
|d TYFRS
|d CQ$
|d N$T
|d YDX
|
| 020 |
|
|
|a 9781040119044
|q electronic book
|
| 020 |
|
|
|a 1040119042
|q electronic book
|
| 020 |
|
|
|a 9781040119051
|q electronic book
|
| 020 |
|
|
|a 1040119050
|q electronic book
|
| 020 |
|
|
|a 9781003385486
|q electronic book
|
| 020 |
|
|
|a 1003385486
|q electronic book
|
| 020 |
|
|
|z 9781032472997
|q hardcover
|
| 020 |
|
|
|z 9781032466170
|q paperback
|
| 035 |
|
|
|a (OCoLC)1449678420
|
| 037 |
|
|
|a 9781003385486
|b Taylor & Francis
|
| 042 |
|
|
|a pcc
|
| 043 |
|
|
|a e-uk---
|
| 050 |
|
4 |
|a GV708.8
|b .B37 2025
|
| 072 |
|
7 |
|a PSY
|x 000000
|2 bisacsh
|
| 072 |
|
7 |
|a PSY
|x 003000
|2 bisacsh
|
| 072 |
|
7 |
|a PSY
|x 031000
|2 bisacsh
|
| 072 |
|
7 |
|a JMG
|2 bicssc
|
| 082 |
0 |
0 |
|a 796.086/70941
|2 23/eng/20240724
|
| 100 |
1 |
|
|a Barras, Abby,
|e author.
|
| 245 |
1 |
0 |
|a Transgender and non-binary people in everyday sport :
|b a trans feminist approach to improving inclusion /
|c Abby Barras.
|
| 264 |
|
1 |
|a Abingdon, Oxon ;
|a New York, NY :
|b Routledge,
|c 2025.
|
| 264 |
|
4 |
|c ©2025
|
| 300 |
|
|
|a 1 online resource ( xiv, 185 pages.) :
|
| 336 |
|
|
|a text
|b txt
|2 rdacontent
|
| 337 |
|
|
|a computer
|b c
|2 rdamedia
|
| 338 |
|
|
|a online resource
|b cr
|2 rdacarrier
|
| 490 |
1 |
|
|a Gender and sexualities in psychology
|
| 504 |
|
|
|a Includes bibliographical references and index.
|
| 505 |
0 |
|
|a The social construction of modern sport -- Transgender and non-binary people in sport -- Towards a trans feminist methodology and an ethics of care -- Sporting bodies -- Sporting spaces -- Sporting communities.
|
| 545 |
0 |
|
|a Abby Barras is a critical social scientist based at the University of Brighton, UK, where she teaches in the School of Humanities and Social Science.
|
| 588 |
|
|
|a Description based on online resource; title from digital title page (viewed on December 09, 2024).
|
| 650 |
|
0 |
|a Transgender athletes
|z Great Britain.
|
| 650 |
|
0 |
|a Gender identity in sports
|z Great Britain.
|
| 650 |
|
0 |
|a Feminist theory
|z Great Britain.
|
| 650 |
|
6 |
|a Théorie féministe
|0 (CaQQLa)201-0187330
|z Grande-Bretagne.
|0 (CaQQLa)201-0441031
|
| 650 |
|
6 |
|a Sportifs transgenres
|0 (CaQQLa)000304588
|z Grande-Bretagne.
|0 (CaQQLa)201-0441031
|
| 650 |
|
6 |
|a Identité de genre dans les sports
|0 (CaQQLa)000301947
|z Grande-Bretagne.
|0 (CaQQLa)201-0441031
|
| 650 |
|
7 |
|a PSYCHOLOGY / General
|2 bisacsh
|
| 650 |
|
7 |
|a PSYCHOLOGY / Applied Psychology
|2 bisacsh
|
| 650 |
|
7 |
|a PSYCHOLOGY / Social Psychology
|2 bisacsh
|
| 655 |
|
7 |
|a Electronic books.
|2 local
|
| 710 |
2 |
|
|a EBSCOhost
|
| 776 |
1 |
8 |
|i Print version:
|a Barras, Abby.
|t Transgender and non-binary people in everyday sport
|d Abingdon, Oxon ; New York, NY : Routledge, 2025
|z 9781032472997
|w (DLC) 2024029486
|
| 830 |
|
0 |
|a Gender and sexualities in psychology.
|
| 856 |
4 |
0 |
|u http://proxy.library.tamu.edu/login?url=https://search.ebscohost.com/login.aspx?direct=true&scope=site&db=nlebk&db=nlabk&AN=3978933
|z Connect to the full text of this electronic book
|t 0
|
| 945 |
|
|
|b 254958
|
| 955 |
|
|
|a YBP purchased EBSCO DDA e-records
|
| 980 |
|
|
|b ebook
|c 90100662879
|f jbrett
|g 565702
|k USD
|m 176.00
|q 1
|s AcqMono Conventional
|t Demand driven acquisitions (DDA)
|u Vendor order reference number
|v ZYBP
|y PDA
|z Electronic resource
|
| 999 |
f |
f |
|i 5094a0d9-954b-4cdf-8d8f-d512ab748ea8
|s f3152c75-20ba-472f-bd14-9b7919c9fbd8
|t 0
|
| 952 |
f |
f |
|a Texas A&M University
|b College Station
|c Electronic Resources
|s www_evans
|d Available Online
|t 0
|e GV708.8 .B37 2025
|h Library of Congress classification
|